The easy magic of japanese flower arrangement

Đã lưu trong:
书目详细资料
主要作者: Lee Early Quinn
格式: 图书
语言:Undetermined
出版: Vermont Charles E. Tuttle 1965
主题:
标签: 添加标签
没有标签, 成为第一个标记此记录!
Thư viện lưu trữ: Trung tâm Học liệu Trường Đại học Cần Thơ
LEADER 00494nam a2200181Ia 4500
001 CTU_9599
008 210402s9999 xx 000 0 und d
082 |a 745.92 
082 |b Q7 
100 |a Lee Early Quinn 
245 4 |a The easy magic of japanese flower arrangement 
245 0 |c Lee Early Quinn 
260 |a Vermont 
260 |b Charles E. Tuttle 
260 |c 1965 
650 |a flower arrangement 
904 |i Minh, 960930 
980 |a Trung tâm Học liệu Trường Đại học Cần Thơ